Diatomeas de San Lorenzo del Escorial : (Record no. 165096)

MARC details
000 -LEADER
campo de control de longitud fija 00769nam a2200193 i 4500
001 - NÚMERO DE CONTROL
campo de control 165096
003 - IDENTIFICADOR DE NÚMERO DE CONTROL
campo de control ES-MaACL
005 - FECHA Y HORA DE LA ÚLTIMA TRANSACCIÓN
campo de control 20230906213051.0
008 - DATOS DE LONGITUD FIJA--INFORMACIÓN GENERAL
campo de control de longitud fija 000128s1894 sp c |||| | spa d
100 1# - ENTRADA PRINCIPAL--NOMBRE DE PERSONA
Nombre de persona Secall, José.
9 (RLIN) 105031
245 10 - MENCIÓN DEL TÍTULO
Título Diatomeas de San Lorenzo del Escorial :
Resto del título catálogo de las observadas /
Mención de responsabilidad, etc. por Jose Secall.
260 ## - PUBLICACIÓN, DISTRIBUCIÓN, ETC.
Lugar de publicación, distribución, etc. Madrid :
Nombre del editor, distribuidor, etc. [s.n.],
Fecha de publicación, distribución, etc. 1894 (
Fabricante Imp. de Ricardo Rojas)
300 ## - DESCRIPCIÓN FÍSICA
Extensión 19 p. ;
Dimensiones 25 cm.
505 8# - NOTA DE CONTENIDO CON FORMATO
Nota de contenido con formato Contiene: Primera parte
530 ## - NOTA DISPONIBLE DE FORMULARIO FÍSICO ADICIONAL
Nota de formato físico adicional disponible Disponible en formato digital.
650 #4 - PUNTO DE ACCESO ADICIONAL DE MATERIA--TÉRMINO DE MATERIA
Término de materia o nombre geográfico como elemento de entrada Flora-
Subdivisión geográfica Madrid (Comunidad Autónoma)
9 (RLIN) 149813
852 ## - LOCALIZACIÓN
Ubicación ES-MaACL
Número de control de estantería G-9538
Nota libre - Enc. hol.
-- - Enc. en un vol. facticio
856 ## - LOCALIZACIÓN Y ACCESO ELECTRÓNICOS
Identificador Uniforme de Recursos <a href="https://bibdigital.rjb.csic.es/idurl/1/10182 ">https://bibdigital.rjb.csic.es/idurl/1/10182 </a>
Nota pública Biblioteca Digital del Real Jardín Botánico
Holdings
Estatus retirado Estado de pérdida Estado de daño No para préstamo Colección Biblioteca de origen Biblioteca actual Ubicación en estantería Fecha de adquisición Fuente de adquisición Total de préstamos Signatura topográfica completa Código de barras Visto por última vez Precio de reemplazo Tipo de ítem Koha
        Colección digital Biblioteca del Ateneo de Madrid Biblioteca del Ateneo de Madrid Sala Pecera Planta 3 17/01/2008     G-9538 1173108 23/02/2023 23/02/2023 Libro impreso antiguo